| 000 | 00634nam a22001937a 4500 | ||
|---|---|---|---|
| 999 |
_c188447 _d188447 |
||
| 005 | 20220525115647.0 | ||
| 010 | _aUR-11572 | ||
| 020 |
_a9789389467505 _c50.00 |
||
| 035 | _aU-10127 | ||
| 037 |
_bDBAD/PUB _a- |
||
| 082 |
_a920 _2Ist |
||
| 100 | _aغضنفر ا قبا ل | ||
| 245 |
_aقا ضی سلیم _c غضنفر اقبال _hا ر د و |
||
| 246 |
_aQazi Saleem(Urdu) _bGhazanfar Iqbal |
||
| 260 |
_aNew Delhi _bSahitya Akademi _c2021 ء |
||
| 270 |
_aRavinder Bhawan, 35, Firozshah Road, _bNew Delhi _e110001 _k011-23386626 _l- |
||
| 300 |
_a76 ص _c22 Cm(pbk) |
||
| 942 |
_2ddc _cUR _h920 _mغ ض ن |
||